| 000 | 00412nam a2200181Ia 4500 | ||
|---|---|---|---|
| 001 | 3567 | ||
| 005 | 20260306145653.0 | ||
| 008 | 260306t2003||||xx |||||||||||||| ||spa|| | ||
| 041 | _aESP | ||
| 082 |
_a289.8 _bJ81R 2003 |
||
| 100 |
_aJuan Pablo II _eAUT |
||
| 245 | 0 | _aRedemptoris missio | |
| 260 | _c2003 | ||
| 300 |
_a110 páginas : _c20 cm. |
||
| 650 | _aGEN | ||
| 654 | _aCHU | ||
| 942 |
_cLIB _dJUS _fJUS _2ddc _n |
||
| 999 |
_c3567 _d3567 |
||